Top 10 Songs by the Sex Pistols - Statistics

General Stats
  • This quiz has been taken 3 times
  • The average score is 5 of 10
Answer Stats
Hint Answer % Correct
1 Anarchy in the U.K.
100%
6 Bodies
67%
2 God Save the Queen
67%
3 Pretty Vacant
67%
8 Submission
67%
9 EMI
33%
4 Holidays in the Sun
33%
10 My Way
33%
5 No Feelings
0%
7 Silly Thing
0%
No matching quizzes found
Score Distribution
Percent of People with Each Score
Percentile by Number Answered
Your Score History
You have not taken this quiz